000 00639nam a2200229 a 4500
001 15464
003 BD-RjUL
005 20211208235824.0
008 170202s1972 enk 000 0 eng d
020 _a0571099890
035 _a(BD-RjUL)15518
040 _aDLC
_cDLC
_dDLC
_beng
041 _aeng
082 0 0 _a821.912
_223
_bAUE 1972
100 1 _aAuden, W. H.
_q(Wystan Hugh),
_d1907-1973.
_9188988
245 1 0 _aEpistle to a godson :
_band other poems /
_cW. H. Auden.
260 _aLondon,
_bFaber & faber,
_c1972.
300 _a72 p.
_c23 cm.
650 _aEnglish poetry.
_9179095
942 _2ddc
_cBK
999 _c15464
_d15464